Statistics for Top Marijuana Smoking States

Click here to take the quiz!

General Stats

  • This quiz has been taken 127 times
  • The average score is 9 of 12

Answer Stats

% State % Correct
14.9California
99%
21.6Colorado
93%
19.5Washington
89%
19.9Oregon
88%
19.4Maine
76%
19.8Vermont
75%
17.6Massachusetts
75%
19.5Alaska
69%
17.1New Hampshire
69%
15.6New Mexico
65%
18.7Rhode Island
57%
15.6Michigan
55%

Score Distribution

Percentile by Number Answered

Percent of People with Each Score

Your Score History

You have not taken this quiz